书目信息 |
| 题名: |
实用会计英语
|
|
| 作者: | 李海红 编著 ;新世纪高职高专教材编审委员会 组编 | |
| 分册: | ||
| 出版信息: | 大连 大连理工大学出版社 2014 |
|
| 页数: | 200页 | |
| 开本: | 26cm | |
| 丛书名: | 新世纪高职高专会计专业系列规划教材 | |
| 单 册: | ||
| 中图分类: | F23 | |
| 科图分类: | ||
| 主题词: | 会计--Hui Ji--英语--高等职业教育--教材 | |
| 电子资源: | ||
| ISBN: | 978-7-5611-8523-0 | |
| 000 | 01561nam 2200325 450 | |
| 001 | 1673529593 | |
| 005 | 20150317084015.7 | |
| 010 | @a978-7-5611-8523-0@dCNY32.00 | |
| 100 | @a20150317d2014 em y0chiy0120 ea | |
| 101 | 0 | @achi@aeng |
| 102 | @aCN@b210000 | |
| 105 | @ak a 000yy | |
| 106 | @ar | |
| 200 | 1 | @a实用会计英语@AShi Yong Kuai Ji Ying Yu@f新世纪高职高专教材编审委员会组编@g编著李海红 |
| 205 | @a第3版 | |
| 210 | @a大连@c大连理工大学出版社@d2014 | |
| 215 | @a200页@d26cm | |
| 225 | 2 | @a新世纪高职高专会计专业系列规划教材@AXin Shi Ji Gao Zhi Gao Zhuan Kuai Ji Zhuan Ye Xi Lie Gui Hua Jiao Cai@v40 |
| 300 | @a“十二五”职业教育国家规划教材 经全国职业教育教材审定委员会审定 | |
| 305 | @a2007年第1版 | |
| 320 | @a有书目 (第200页) | |
| 330 | @a本教材为高职高专会计与算化会计类课程规划教材,教材共分18个项目:Chapter 1 General View of Accounting;Chapter 2 Forms of Business Organization ;Chapter 3 Understanding Accounting Equation and Illustration;Chapter 4 Setting up Accounts;Chapter 5 Introducing Double-Entry System;Chapter 6 Keeping Journals;Chapter 7 Posting to General Ledger and Trial Balance;Chapter 8 Adjusting the Books。 | |
| 333 | @a高职高专会计类相关专业学生。 | |
| 410 | 0 | @12001 @a新世纪高职高专会计专业系列规划教材@v40 |
| 606 | 0 | @a会计@AHui Ji@x英语@x高等职业教育@j教材 |
| 690 | @aF23@v5 | |
| 701 | 0 | @a李海红@ALi Hai Hong@4编著 |
| 712 | 02 | @a新世纪高职高专教材编审委员会@AXin Shi Ji Gao Zhi Gao Zhuan Jiao Cai Bian Shen Wei Yuan Hui@4组编 |
| 801 | 0 | @aCN@b江苏新华@c20150511 |
| 905 | @aBZT@dF23@e185 | |
| 实用会计英语/新世纪高职高专教材编审委员会组编/编著李海红.-第3版.-大连:大连理工大学出版社,2014 |
| 200页;26cm.-(新世纪高职高专会计专业系列规划教材;40) |
| “十二五”职业教育国家规划教材 经全国职业教育教材审定委员会审定.-使用对象:高职高专会计类相关专业学生。 |
| ISBN 978-7-5611-8523-0:CNY32.00 |
| 本教材为高职高专会计与算化会计类课程规划教材,教材共分18个项目:Chapter 1 General View of Accounting;Chapter 2 Forms of Business Organization ;Chapter 3 Understanding Accounting Equation and Illustration;Chapter 4 Setting up Accounts;Chapter 5 Introducing Double-Entry System;Chapter 6 Keeping Journals;Chapter 7 Posting to General Ledger and Trial Balance;Chapter 8 Adjusting the Books。 |
| ● |
| 相关链接 |
|
|
|
正题名:实用会计英语
索取号:F23/185
 
预约/预借
| 序号 | 登录号 | 条形码 | 馆藏地/架位号 | 状态 | 备注 |
| 1 | 798340 | 2000798340 | 第二书库/ [索取号:F23/185] | 在馆 | |
| 2 | 798341 | 2000798341 | 第二书库/ [索取号:F23/185] | 在馆 | |
| 3 | 798342 | 2000798342 | 第二书库/ [索取号:F23/185] | 在馆 |